00790cam a2200241 a 4500001000800000005001700008008004100025010001700066020001500083040001800098041000800116080001800124082002200142100000700164101000800171245010000179504003000279740004800309906004500357942001200402999001700414952011700431285857320180209072202.0850116s1985 maua b 001 0 eng  a 85001297  a0887300413 aDLCcDLCdDLC aeng a338.542 KLE00a338.542 KLE2191 a52 aECO10aMonitoring growth cycles in market-oriented countries :cPhilip A. Klein and Geoffrey H. Moore. aBibliography: p. 363-369.0 aGrowth cycles in market-oriented countries. a7bcbccorignewd1eocipf19gy-gencatlg 2ddccBK c42255d42255 00102udc40708PËKGa002b002cPËKGd2018-02-09l0o338.542 KLEp002-2999126r2018-02-09w2018-02-09yBK